Classement mondial de la FIFA - Statistiques

Statistiques générales
  • Ce quiz a été pris 365 fois
    14 depuis la dernière actualisation
  • Le résultat moyen est 20 sur 25
Statistiques - réponses
Classement Équipe Points Confédération % Correct
10 Allemagne 1716,98 UEFA
100%
4 Angleterre 1819,2 UEFA
100%
1 Argentine 1886,16 CONMEBOL
100%
5 Brésil 1776,03 CONMEBOL
100%
2 Espagne 1854,64 UEFA
100%
3 France 1852,71 UEFA
100%
12 Maroc 1694,24 CAF
100%
17 Mexique 1646,94 CONCACAF
100%
7 Portugal 1750,08 UEFA
100%
9 Italie 1718,31 UEFA
92%
6 Pays-Bas 1752,44 UEFA
92%
13 Uruguay 1679,49 CONMEBOL
92%
8 Belgique 1735,75 UEFA
83%
14 Colombie 1679,04 CONMEBOL
83%
11 Croatie 1698,66 UEFA
83%
16 États-Unis 1648,81 CONCACAF
83%
15 Japon 1652,64 AFC
83%
19 Sénégal 1630,32 CAF
83%
20 Suisse 1624,75 UEFA
83%
23 Corée du Sud 1574,93 AFC
67%
22 Autriche 1580,22 UEFA
58%
21 Danemark 1617,54 UEFA
58%
25 Ukraine 1559,81 UEFA
50%
24 Équateur 1567,95 CONMEBOL
33%
18 Iran 1637,39 AFC
17%
Aucun quiz correspondant
Distribution des résultats
% des personnes avec chaque résultat
Percentile par nombre de réponses
Votre historique - résultats
Vous n’avez pas pris ce quiz depuis la dernière actualisation